<?xml version="1.0" encoding="UTF-8"?>
<record
    xmlns:xsi="http://www.w3.org/2001/XMLSchema-instance"
    xsi:schemaLocation="http://www.loc.gov/MARC21/slim http://www.loc.gov/standards/marcxml/schema/MARC21slim.xsd"
    xmlns="http://www.loc.gov/MARC21/slim">

  <leader>00860nkm a2200253 a 4500</leader>
  <controlfield tag="001">000056664</controlfield>
  <controlfield tag="005">20200120223309.0</controlfield>
  <controlfield tag="007">vd cgaiz|</controlfield>
  <controlfield tag="008">130619s2005    ck 090 e     fs|  |nspa d</controlfield>
  <datafield tag="041" ind1="0" ind2=" ">
    <subfield code="a">"spa</subfield>
  </datafield>
  <datafield tag="043" ind1=" " ind2=" ">
    <subfield code="a">s-ck---</subfield>
  </datafield>
  <datafield tag="090" ind1=" " ind2=" ">
    <subfield code="a">C</subfield>
    <subfield code="b">LOB INCI</subfield>
  </datafield>
  <datafield tag="100" ind1="1" ind2=" ">
    <subfield code="a">Lobe,Mira,</subfield>
  </datafield>
  <datafield tag="245" ind1="1" ind2="3">
    <subfield code="a">Ingo y Drago /</subfield>
    <subfield code="c">MiraLobe, Instituto Nacional para ciegos (I.N.C.I.) ; le&#xED;do por Hernando Ivan Cano Bedoya.</subfield>
  </datafield>
  <datafield tag="260" ind1=" " ind2=" ">
    <subfield code="a">Bogot&#xE1; :</subfield>
    <subfield code="b">INCI,</subfield>
    <subfield code="c">2005.</subfield>
  </datafield>
  <datafield tag="300" ind1=" " ind2=" ">
    <subfield code="a">1 CD. (090 min.).</subfield>
  </datafield>
  <datafield tag="490" ind1=" " ind2="0">
    <subfield code="a">Programa libro hablado</subfield>
  </datafield>
  <datafield tag="650" ind1="1" ind2="4">
    <subfield code="a">Cuentos infantiles alemanes</subfield>
    <subfield code="v">Audiolibros</subfield>
    <subfield code="x">Discos compactos.</subfield>
  </datafield>
  <datafield tag="650" ind1="2" ind2="4">
    <subfield code="a">Dragones</subfield>
    <subfield code="v">Cuentos infantiles</subfield>
    <subfield code="x">Discos compactos.</subfield>
  </datafield>
  <datafield tag="650" ind1="2" ind2="4">
    <subfield code="a">Animales en la literaura</subfield>
    <subfield code="x">Discos compactos.</subfield>
  </datafield>
  <datafield tag="650" ind1="2" ind2="4">
    <subfield code="a">Libros parlantes</subfield>
  </datafield>
  <datafield tag="700" ind1="1" ind2=" ">
    <subfield code="a">Cano Bedoya, Hernando Iv&#xE1;n,</subfield>
    <subfield code="e">lector</subfield>
  </datafield>
  <datafield tag="710" ind1="2" ind2=" ">
    <subfield code="a">Instituto Nacional para ciegos( I.N.C.I.)</subfield>
  </datafield>
  <datafield tag="999" ind1=" " ind2=" ">
    <subfield code="c">6002</subfield>
    <subfield code="d">6002</subfield>
  </datafield>
  <datafield tag="952" ind1=" " ind2=" ">
    <subfield code="0">0</subfield>
    <subfield code="1">0</subfield>
    <subfield code="2">ddc</subfield>
    <subfield code="4">0</subfield>
    <subfield code="7">0</subfield>
    <subfield code="8">MUL</subfield>
    <subfield code="a">BPMOS</subfield>
    <subfield code="b">BPMOS</subfield>
    <subfield code="d">2020-01-20</subfield>
    <subfield code="i">113971</subfield>
    <subfield code="l">0</subfield>
    <subfield code="o">C LOB INCI</subfield>
    <subfield code="p">MOS005917</subfield>
    <subfield code="r">2021-01-05</subfield>
    <subfield code="t">cd.1 ej.1</subfield>
    <subfield code="w">2020-01-20</subfield>
    <subfield code="y">CDROM</subfield>
    <subfield code="z">Tres d&#xED;as-Hemeroteca-Bib.Elec</subfield>
  </datafield>
</record>
